| 000 | 00396nam a2200145Ia 4500 | ||
|---|---|---|---|
| 005 | 20250729165741.0 | ||
| 008 | 250729s2011 xx 000 0 und d | ||
| 041 | _akan | ||
| 082 | _a370.15 ARCS | ||
| 100 |
_aArchana Bharadwaj _9232075 |
||
| 245 | _aSwami Vivekanadara Jivana Charithre | ||
| 260 |
_aBangalore _bkannada Pusthaka Prakashana _c2011 |
||
| 300 | _a64p | ||
| 650 |
_aEducation _9232076 |
||
| 999 |
_c239601 _d239601 |
||